| 000 | 00693cem a22002055a 4500 | ||
|---|---|---|---|
| 001 | L140329 | ||
| 008 | 070918s1871 xxk a 0 eng u | ||
| 035 | _a(Sirsi) u140329 | ||
| 041 | 0 | _aeng | |
| 100 | 1 | _aOgilby, John | |
| 245 | 0 | 0 |
_aPlan of the Inner and Middle Temple, copied by order of John Locke, Esq. L. C., M. P., Treasurer, 1871 _h[cartographic material] |
| 255 | _aScale 1:1200 | ||
| 260 |
_aS.l. _bs.n. _c1871 |
||
| 300 |
_a1 map _c29 x 35 cm. |
||
| 500 | _aItem is copied from the Map of London 1677 by John Ogilby. | ||
| 651 | 4 | _aLondon | |
| 690 | _aENVIRONMENTAL AND LAND CONSULTANCY-GEOMATICS-MAPPING AND POSITIONING-CARTOGRAPHY | ||
| 700 | 1 | _aLocke, John | |
| 942 | _n0 | ||
| 999 |
_c116838 _d116838 |
||